zpět

Detail výsledku týmu

Hloupý Honza, Praha

Datum a čas kvízu

19 Celkem bodů Celkový počet nahraných bodů na tomto kvízu bez doplňovacích otázek.
12. Pořadí na kvízu Konečné umístění týmu na tomto kvízu.

Zaznamenané odpovědi

# Otázka Odpověď Body Výsledky
1. Veterináři po 20 letech zjisti... 0
2. Jednotvárný zvuk od silnice ob... 0
3. Soutěž World Press Photo letos... 1
4. Evropská unie vydala ve středu... 1
5. Minulý týden se začala prodáva... 1
6. Vzpomeňme v tomto tématu na zř... 1
7. Vyberte pravdivé tvrzení o For... 1
8. Jedno z jeho prvních děl bylo... 0
9. Jakou větu pronesl v Přeletu n... 0
10. V roce 1979 natočil Miloš Form... 0